00656nam a2200205 a 450000100060000000300080000600500170001400800410003103500190007204000270009104100080011808200260012610000350015224500930018726000270028030000290030750000200033665100500035665100440040664922BD-RjUL20211209081352.0250217s1966 enkbcf 001 0 eng  a(BD-RjUL)65052 aDLCcDLCdBD-RjULbeng aeng00a354.541223bREY 19661 aReid, Robert Neil,d1883-1964.10aYears of change in Bengal and Assam /cSir Robert Reid, with a foreword by Ian Stephens. aLondon :bBenn,c1966. a170 p. :bill. ;c22 cm. aIncludes index. 0aWest Bengal (India)xPolitics and government. 0aAssam (India)xPolitics and government.